Derecho de daños / (Record no. 181064)

MARC details
000 -LEADER
campo de control de longitud fija 00990nam a2200253 i 4500
001 - NÚMERO DE CONTROL
campo de control 181064
003 - IDENTIFICADOR DE NÚMERO DE CONTROL
campo de control ES-MaACL
005 - FECHA Y HORA DE LA ÚLTIMA TRANSACCIÓN
campo de control 20231220200306.0
008 - DATOS DE LONGITUD FIJA--INFORMACIÓN GENERAL
campo de control de longitud fija 121015s2011 sp | |||||||| | spa d
020 ## - NÚMERO INTERNACIONAL ESTÁNDAR DEL LIBRO
Número Internacional Estándar del Libro 978-84-92995-53-0
080 ## - NÚMERO DE LA CLASIFICACIÓN DECIMAL UNIVERSAL
Número de la Clasificación Decimal Universal 347.5(460)
245 00 - MENCIÓN DEL TÍTULO
Título Derecho de daños /
Mención de responsabilidad, etc. coordinador, Mariano José Herrador Guardia ; autores, Joaquín Ataz López, Alberto J. Bueres, Ángel Carrasco Perera ... [et al.].
260 ## - PUBLICACIÓN, DISTRIBUCIÓN, ETC.
Lugar de publicación, distribución, etc. Las Rozas, Madrid :
Nombre del editor, distribuidor, etc. Sepin,
Fecha de publicación, distribución, etc. D.L. 2011.
300 ## - DESCRIPCIÓN FÍSICA
Extensión 862 p. ;
Dimensiones 25 cm.
504 ## - NOTA DE BIBLIOGRAFÍA, ETC.
Nota de bibliografía, etc. Incluye referencias bibliográficas.
650 04 - PUNTO DE ACCESO ADICIONAL DE MATERIA--TÉRMINO DE MATERIA
Término de materia o nombre geográfico como elemento de entrada Responsabilidad civil-
Subdivisión geográfica España.
9 (RLIN) 16867
650 00 - PUNTO DE ACCESO ADICIONAL DE MATERIA--TÉRMINO DE MATERIA
Término de materia o nombre geográfico como elemento de entrada Daños y perjuicios
Subdivisión geográfica España
9 (RLIN) 234449
650 00 - PUNTO DE ACCESO ADICIONAL DE MATERIA--TÉRMINO DE MATERIA
Término de materia o nombre geográfico como elemento de entrada Seguros de responsabilidad civil
Subdivisión geográfica España
9 (RLIN) 234450
700 1# - ENTRADA AGREGADA--NOMBRE PERSONAL
Nombre de persona Herrador Guardia, Mariano José
Término indicativo de función/relación Director de publicación
9 (RLIN) 151606
700 1# - ENTRADA AGREGADA--NOMBRE PERSONAL
Nombre de persona Ataz López, Joaquín.
9 (RLIN) 151607
Término indicativo de función/relación Autor
852 ## - LOCALIZACIÓN
Ubicación ES-MaACL
Número de control de estantería A-12274
itemnumber 187947
Sublocalización o colección R.148289
Ubicación en estantería Depósito 1
Signatura antigua Olim: N-5279
942 ## - ELEMENTOS DE ENTRADA SECUNDARIOS (KOHA)
Fuente del sistema de clasificación o colocación Clasificación decimal universal
Tipo de ítem Koha Libro impreso
Holdings
Estatus retirado Estado de pérdida Fuente del sistema de clasificación o colocación Estado de daño No para préstamo Biblioteca de origen Biblioteca actual Ubicación en estantería Fecha de adquisición Fuente de adquisición Total de préstamos Signatura topográfica completa Código de barras Visto por última vez Precio de reemplazo Tipo de ítem Koha
    Clasificación decimal universal     Biblioteca del Ateneo de Madrid Biblioteca del Ateneo de Madrid Depósito 1 15/10/2012 Donación   A-12274 1190275 23/02/2023 23/02/2023 Libro impreso